00334nam a22001337a 4500003000400000020001800004082001800022100002400040245004400064250000800108260003200116300000800148650004400156SGT a9780323400534 a617.525bS18M aMalamed, Stanley F. aSedation: A guide to patient management a1st aNetherlandsbElsevierc2018 a620 aSurgery; Oral and Maxillofacial Surgery